Strategic customer service : managing the customer experience to increase positive word of mouth, build loyalty, and maximize profits /

Bibliographic Details
Main Author: Goodman, John A.
Format: Book
Language:English
Published: New York : AMACOM, [2009]
Subjects:

MARC

Tag First Indicator Second Indicator Subfields
LEADER 00000cam a22000004a 4500
001 in00002477832
005 20151110113319.0
008 090105s2009 nyua b 001 0 eng
010 |a  2008055729 
020 |a 9780814413333 
020 |a 0814413331 
029 1 |a NZ1  |b 12878046 
029 1 |a BWX  |b R7778235 
035 |a (OCoLC)ocn276334374 
035 |a (OCoLC)276334374 
040 |a DLC  |c DLC  |d BTCTA  |d YDXCP  |d C#P  |d BWX  |d UtOrBLW 
049 |a TXAM 
050 0 0 |a HF5415.5  |b .G672 2009 
082 0 0 |a 658.8/12  |2 22 
100 1 |a Goodman, John A. 
245 1 0 |a Strategic customer service :  |b managing the customer experience to increase positive word of mouth, build loyalty, and maximize profits /  |c John A. Goodman. 
264 1 |a New York :  |b AMACOM,  |c [2009] 
264 4 |c ©2009 
300 |a xiv, 256 pages :  |b illustrations ;  |c 24 cm. 
336 |a text  |b txt  |2 rdacontent 
337 |a unmediated  |b n  |2 rdamedia 
338 |a volume  |b nc  |2 rdacarrier 
504 |a Includes bibliographical references and index. 
650 0 |a Customer services. 
650 0 |a Customer relations  |x Management. 
938 |a Baker and Taylor  |b BTCP  |n BK0008045140 
938 |a YBP Library Services  |b YANK  |n 2948918 
938 |a Blackwell Book Service  |b BBUS  |n R7778235  |c $24.95 
945 |a PromptCat  |b 703344 
946 |a west,stk 
947 |a A14839861383 
994 |a 92  |b TXA 
948 |a cataloged  |b h  |d 2009/5/27  |h c  |e asalazar  |f 10:25:16 am 
999 |a MARS 
999 f f |s a80899ec-e985-3844-b1d4-a343196d853b  |i d996df7a-8e51-3d81-843a-07c82cd43870  |t 0 
952 f f |p ric  |a Texas A&M University  |b Rellis Campus  |c Joint Library Facility  |d Remote Storage  |t 0  |e HF5415.5 .G672 2009  |h Library of Congress classification  |i unmediated -- volume  |m A14839861383 
998 f f |a HF5415.5 .G672 2009  |t 0  |l Remote Storage